Cancún : los avatares de una marca turística global /
Guardado en:
| Hovedforfatter: | |
|---|---|
| Andre forfattere: | |
| Format: | Bog |
| Sprog: | spansk |
| Udgivet: |
Chetumal, México : México :
Universidad de Quintana Roo ; Bonilla Artigas,
2009, c2009
|
| Fag: | |
| Tags: |
Ingen Tags, Vær først til at tagge denne postø!
|
MARC
| LEADER | 00000nam^a2200000^a^4500 | ||
|---|---|---|---|
| 001 | 000302935 | ||
| 005 | 20250521000000.0 | ||
| 009 | 20260526135506.23 | ||
| 020 | |a 978-607-758-806-1 | ||
| 037 | |a Acervo ITESO - Biblioteca | ||
| 041 | |a ESP | ||
| 082 | |a 910. 10972676 |b MAC | ||
| 100 | |a Macías Richard, Carlos |e (comp.) | ||
| 245 | 1 | 0 | |a Cancún : |b los avatares de una marca turística global / |c Comp. de C. Macías Richar, R.A. Pérez Aguilar. |
| 264 | 4 | |a Chetumal, México : |b Universidad de Quintana Roo ; |a México : |b Bonilla Artigas, |c 2009, c2009 | |
| 300 | |a 476 p. | ||
| 336 | |a texto |b txt |2 rdacontenido | ||
| 337 | |a sin mediación |b n |2 rdamedio | ||
| 338 | |a volumen |b nc |2 rdasoporte | ||
| 649 | |a XX | ||
| 650 | |a Espacio Urbano - |z Cancún, Quintana Roo | ||
| 650 | |a Espacio Urbano - |z México | ||
| 650 | |a Zonificación Urbana - |z Cancún, Quintana Roo | ||
| 650 | |a Zonificación Urbana - |z México | ||
| 650 | |a Cultura Urbana - |z Cancún, Quintana Roo | ||
| 650 | |a Cultura Urbana - |z México | ||
| 650 | |a Desarrollo Urbano - |z Cancún, Quintana Roo | ||
| 650 | |a Desarrollo Urbano - |z México | ||
| 650 | |a Desarrollo Sustentable - |z Cancún, Quintana Roo | ||
| 650 | |a Desarrollo Sustentable - |z México | ||
| 650 | |a Desarrollo Económico-Social - |z Cancún, Quintana Roo | ||
| 650 | |a Desarrollo Económico-Social - |z México | ||
| 650 | |a Marcas (Mercadotecnia) - |z Cancún, Quintana Roo - |x Tema Principal | ||
| 650 | |a Marcas (Mercadotecnia) - |z México | ||
| 650 | |a Posicionamiento del Servicio - |z Cancún, Quintana Roo - |x Tema Principal | ||
| 650 | |a Posicionamiento del Servicio - |z México | ||
| 650 | |a Turismo - |z Cancún, Quintana Roo - |x Tema Principal | ||
| 650 | |a Turismo - |z México | ||
| 650 | |a Política Turística - |z Cancún, Quintana Roo | ||
| 650 | |a Política Turística - |z México | ||
| 650 | |a Política Económica - |z Cancún, Quintana Roo | ||
| 650 | |a Política Económica - |z México | ||
| 650 | |a Economía - |z Cancún, Quintana Roo | ||
| 650 | |a Economía - |z México | ||
| 650 | |a Cancún, Quintana Roo - |x Condiciones Económicas | ||
| 650 | |a Cancún, Quintana Roo - |x Descripción | ||
| 650 | |a México - |x Condiciones Económicas | ||
| 650 | |a México - |x Descripción | ||
| 700 | |a Pérez Aguilar, Raúl Arístides |e (compilación) | ||
| 910 | |a Fondo General | ||
| 920 | |a Impresos - Libros | ||
| 930 | |a Colección General | ||
| 905 | |a 101 | ||
| 901 | |a 0500189411 |b IT1 |c ACC |i C123764 |u 20250521 | ||
| 902 | |a https://opac.biblio.iteso.mx/vufind/Record/000302935 | ||